[Event "27.Bayer.Senioren-EM2015"]
[Site "?"]
[Date "2015.06.15"]
[Round "1.25"]
[White "Garms, Ilse"]
[Black "Kalkmann, Hans"]
[Result "0-1"]
[WhiteElo "1553"]
[BlackElo "1859"]
[PlyCount "106"]
[EventDate "2015.??.??"]
[WhiteTeam "ESV Eberswalde"]
[BlackTeam "SC Springer St.Tönis"]

1. d4 e6 2. Nf3 f5 3. Bg5 Be7 4. Bxe7 Qxe7 5. c3 b6 6. e3 Bb7 7. Nbd2 Nf6 8.
Be2 O-O 9. O-O d6 10. Qb3 Nbd7 11. a4 a5 12. Rac1 Kh8 13. Rfd1 Ne4 14. Qc2 Nxd2
15. Nxd2 e5 16. Bf3 e4 17. Be2 Nf6 18. Nf1 Qe6 19. b3 g6 20. c4 Nd7 21. Qc3 Qf6
22. d5 h5 23. Qxf6+ Rxf6 24. f3 exf3 25. Bxf3 Re8 26. Rc3 Nc5 27. Nd2 Rf7 28.
Re1 Rfe7 29. Kf2 f4 30. e4 Bc8 31. g3 fxg3+ 32. Kxg3 Kg7 33. Rce3 Kh6 34. h4 g5
35. hxg5+ Kxg5 36. Rh1 Bg4 37. Bxg4 hxg4 38. Rhe1 Rh8 39. Kg2 Nd7 40. Rf1 Ne5
41. Rf5+ Kg6 42. Rg3 Rh5 43. Rxh5 Kxh5 44. Re3 Kg5 45. Kg3 Rh7 46. Re2 Rh3+ 47.
Kg2 Nd3 48. Nf1 Nf4+ 49. Kf2 Nxe2 50. Kxe2 Rxb3 51. Ne3 Kf4 52. Nf1 Rb2+ 53.
Kd3 g3 0-1

[Event "27.Bayer.Senioren-EM2015"]
[Site "?"]
[Date "2015.06.15"]
[Round "1.26"]
[White "Neubauer, Jaroslaus"]
[Black "Otto, Klaus"]
[Result "1-0"]
[WhiteElo "1858"]
[BlackElo "1550"]
[PlyCount "121"]
[EventDate "2015.??.??"]
[WhiteTeam "SK Schweinfurt"]
[BlackTeam "SV Triebes"]

1. e4 e6 2. d4 d5 3. Nc3 Nf6 4. e5 Nfd7 5. f4 c5 6. Nf3 Nc6 7. Ne2 cxd4 8.
Nexd4 Qb6 9. c3 Bc5 10. b4 Nxd4 11. Nxd4 Bxd4 12. Qxd4 Qxd4 13. cxd4 Nb6 14. a4
Bd7 15. b5 O-O 16. Be2 Rac8 17. O-O Rc2 18. Bd3 Rc3 19. Rf3 Rfc8 20. Bd2 R3c7
21. Bb4 Rc1+ 22. Rf1 Rxf1+ 23. Kxf1 Be8 24. Ke1 f6 25. Bc5 Bg6 26. Bxg6 hxg6
27. Bxb6 axb6 28. Kd2 Rc4 29. Kd3 Kf8 30. Ra2 Ke7 31. Rc2 Rxc2 32. Kxc2 Kd7 33.
Kc3 Kc8 34. g4 f5 35. h3 Kb8 36. Kd3 Kc8 37. Ke3 Kd7 38. Kf3 Ke7 39. Kg3 Kf7
40. Kh4 Kg8 41. Kg5 Kf7 42. h4 Kg8 43. h5 fxg4 44. Kxg4 gxh5+ 45. Kxh5 Kh7 46.
Kg5 Kg8 47. f5 exf5 48. Kxf5 Kf7 49. Kg5 Ke7 50. Kg6 Kf8 51. e6 Ke7 52. Kxg7
Kxe6 53. Kg6 Ke7 54. Kf5 Kd6 55. Kf6 Kd7 56. Ke5 Ke7 57. Kxd5 Kd7 58. Ke5 Ke7
59. d5 Ke8 60. Ke6 Kd8 61. Kd6 1-0

[Event "27.Bayer.Senioren-EM2015"]
[Site "?"]
[Date "2015.06.15"]
[Round "1.27"]
[White "Steffl, Herbert"]
[Black "Schroeter, Manfred"]
[Result "0-1"]
[WhiteElo "1539"]
[BlackElo "1855"]
[PlyCount "74"]
[EventDate "2015.??.??"]
[WhiteTeam "ASV J'Adoube Grassau"]
[BlackTeam "SC Falke Saerbeck"]

1. Nf3 c5 2. e3 Nf6 3. d4 g6 4. g3 Bg7 5. Bg2 O-O 6. O-O d6 7. b3 Nc6 8. Bb2
Bf5 9. a3 Rb8 10. c4 a6 11. Nc3 Na5 12. Nd2 b5 13. cxb5 axb5 14. b4 cxb4 15.
axb4 Nc4 16. Nxc4 bxc4 17. e4 Rxb4 18. Ba3 Rb3 19. exf5 Rxc3 20. fxg6 hxg6 21.
Bb2 Rb3 22. Qc2 Qb6 23. Bc3 Rb8 24. d5 Qc7 25. Rfd1 Nd7 26. Bxg7 Kxg7 27. Rab1
Rxb1 28. Rxb1 Rxb1+ 29. Qxb1 c3 30. Be4 Nf6 31. Bf3 Qc5 32. Qc2 Qb4 33. Qd3 Qb2
34. Bd1 Qd2 35. Qxd2 cxd2 36. Kf1 Nxd5 37. Ke2 Nc3+ 0-1

[Event "27.Bayer.Senioren-EM2015"]
[Site "?"]
[Date "2015.06.15"]
[Round "1.28"]
[White "Hein, Manfred"]
[Black "Stephan, Hubert"]
[Result "1-0"]
[WhiteElo "1850"]
[BlackElo "1527"]
[PlyCount "109"]
[EventDate "2015.??.??"]
[WhiteTeam "FC Gunzenhausen"]
[BlackTeam "SC Prien"]

1. e4 e5 2. Nf3 Nc6 3. Bc4 Bc5 4. c3 d6 5. h3 Nf6 6. d3 h6 7. a4 a5 8. O-O O-O
9. Na3 Bxa3 10. Rxa3 Ne7 11. Qe2 Ng6 12. Re1 Re8 13. Bd2 c6 14. Nh2 d5 15. exd5
cxd5 16. Bb5 Bd7 17. Rb3 Re6 18. c4 b6 19. Nf1 Rd6 20. Be3 d4 21. Bd2 Re6 22.
Ng3 Ne8 23. Ne4 Nd6 24. Bxd7 Qxd7 25. Nxd6 Qxd6 26. Qe4 Rae8 27. Rb5 Rf8 28. g3
f5 29. Qd5 Rfe8 30. h4 Qxd5 31. Rxd5 h5 32. Bg5 Nf8 33. Rb5 Nd7 34. b3 Nc5 35.
Rd1 Kf7 36. f3 Rd6 37. Kf1 g6 38. Bc1 e4 39. Bf4 Rc6 40. dxe4 fxe4 41. Rxd4
exf3 42. Kf2 Re2+ 43. Kxf3 Rb2 44. Rd6 Rxd6 45. Bxd6 Rb1 46. Bxc5 bxc5 47. g4
hxg4+ 48. Kxg4 Kg7 49. Rxc5 Rxb3 50. Rxa5 Rb4 51. Kg5 Rxc4 52. Ra7+ Kg8 53. a5
Ra4 54. a6 Ra5+ 55. Kxg6 1-0

[Event "27.Bayer.Senioren-EM2015"]
[Site "?"]
[Date "2015.06.15"]
[Round "1.29"]
[White "Sandner, Josef"]
[Black "Knollmueller, Peter"]
[Result "0-1"]
[WhiteElo "1507"]
[BlackElo "1838"]
[PlyCount "62"]
[EventDate "2015.??.??"]
[WhiteTeam "SG Traunstein/Traunreut"]
[BlackTeam "SK Töging"]

1. d4 Nf6 2. e3 d5 3. f4 e6 4. Bd3 c5 5. c3 Nc6 6. Nf3 Be7 7. Nbd2 Ng4 8. Nf1
f5 9. g3 Bd7 10. Qe2 O-O 11. h3 Nf6 12. Qg2 Ne4 13. h4 Qa5 14. Bxe4 dxe4 15.
Ne5 Rad8 16. Nc4 Qa6 17. Nfd2 cxd4 18. exd4 b5 19. Ne5 b4 20. Nb3 bxc3 21. bxc3
Nxe5 22. fxe5 Ba4 23. Qe2 Qc6 24. Bb2 Rb8 25. Qc2 Qc4 26. Rb1 Bxb3 27. axb3
Qxb3 28. Qxb3 Rxb3 29. O-O Rfb8 30. Ba1 Rxb1 31. Rxb1 Rxb1+ 0-1

[Event "27.Bayer.Senioren-EM2015"]
[Site "?"]
[Date "2015.06.15"]
[Round "1.30"]
[White "Korth, Manfred"]
[Black "Aufmwasser, Guenter"]
[Result "1-0"]
[WhiteElo "1833"]
[BlackElo "1494"]
[PlyCount "55"]
[EventDate "2015.??.??"]
[WhiteTeam "SC Heideck-Hilpoltstein"]
[BlackTeam "SV Hilden"]

1. Nf3 f5 2. d4 Nf6 3. h3 e6 4. Bf4 Bd6 5. Ne5 O-O 6. e3 b6 7. Bd3 Bb7 8. O-O
Qe8 9. Nd2 Nh5 10. Bh2 Nc6 11. Ndc4 Be7 12. Nxd7 Qxd7 13. Qxh5 g6 14. Qd1 Bf6
15. c3 Qd5 16. f3 e5 17. e4 fxe4 18. fxe4 Qd8 19. d5 Nb8 20. Bxe5 Nd7 21. Bxf6
Rxf6 22. Qg4 b5 23. Rxf6 Nxf6 24. Qe6+ Kg7 25. Ne5 Qd6 26. Qf7+ Kh6 27. Qxf6
Qc5+ 28. Kh1 1-0

[Event "27.Bayer.Senioren-EM2015"]
[Site "?"]
[Date "2015.06.15"]
[Round "1.31"]
[White "Jehn, Detlef"]
[Black "Weiskopf, Hans"]
[Result "0-1"]
[WhiteElo "1486"]
[BlackElo "1832"]
[PlyCount "58"]
[EventDate "2015.??.??"]
[WhiteTeam "SF Bad Reichenhall"]
[BlackTeam "FC Gunzenhausen"]

1. e4 e6 2. Nf3 d5 3. Nc3 d4 4. Ne2 c5 5. Ng3 Nc6 6. Bc4 Nf6 7. d3 Bd6 8. Bb5
Qa5+ 9. c3 Qxb5 10. a4 Qb6 11. O-O e5 12. h3 h6 13. Nh4 Ne7 14. Nh5 Nxh5 15.
Qxh5 g6 16. Qf3 Be6 17. Qf6 O-O-O 18. c4 g5 19. Nf5 Bxf5 20. exf5 Rdf8 21. a5
Qc7 22. a6 b6 23. Bd2 Rh7 24. Bxg5 hxg5 25. Qxg5 Rg8 26. Qf6 Qc6 27. f3 e4 28.
Kh1 exf3 29. Rxf3 Qxf3 0-1

[Event "27.Bayer.Senioren-EM2015"]
[Site "?"]
[Date "2015.06.15"]
[Round "1.32"]
[White "Pidtoptanyy, Igor"]
[Black "Peiberg, Ehrhard"]
[Result "1-0"]
[WhiteElo "1823"]
[BlackElo "1469"]
[PlyCount "53"]
[EventDate "2015.??.??"]
[WhiteTeam "SW Nürnberg Süd"]
[BlackTeam "SC Erlangen"]

1. e4 g6 2. d4 Bg7 3. Nc3 d6 4. f4 Nf6 5. Nf3 O-O 6. Bd3 Nbd7 7. e5 dxe5 8.
fxe5 Ng4 9. Ne4 f5 10. Bc4+ Kh8 11. Neg5 Ndxe5 12. Nxe5 Nxe5 13. dxe5 Qxd1+ 14.
Kxd1 Bxe5 15. Nf7+ Rxf7 16. Bxf7 e6 17. Re1 Bxh2 18. Bxe6 Bxe6 19. Rxe6 Rd8+
20. Ke2 f4 21. Bd2 Kg8 22. Re7 h5 23. Bc3 Kf8 24. Re6 Rd6 25. Rxd6 cxd6 26. Bb4
Ke7 27. Rd1 1-0

[Event "27.Bayer.Senioren-EM2015"]
[Site "?"]
[Date "2015.06.15"]
[Round "1.33"]
[White "Rudek, Gerald"]
[Black "Duerr, Rainer"]
[Result "1/2-1/2"]
[WhiteElo "1453"]
[BlackElo "1816"]
[PlyCount "64"]
[EventDate "2015.??.??"]
[WhiteTeam "SC Feuchtwangen"]
[BlackTeam "SC Prien"]

1. f4 Nf6 2. Nf3 d5 3. e3 g6 4. Be2 Bg7 5. c3 O-O 6. O-O c5 7. d3 Nc6 8. Qc2 b6
9. e4 e6 10. Kh1 dxe4 11. dxe4 Bb7 12. Be3 Qc7 13. e5 Nd5 14. Bd2 Rae8 15. Na3
f6 16. Nb5 Qb8 17. Nd6 Re7 18. exf6 Bxf6 19. Nxb7 Qxb7 20. Rad1 Qb8 21. g3 Rd8
22. Ne1 Red7 23. Bc1 Nce7 24. Ng2 Nc7 25. Rxd7 Rxd7 26. Rd1 Qd8 27. Rxd7 Qxd7
28. Qd3 Qd5 29. a3 Kg7 30. Kg1 Qxd3 31. Bxd3 e5 32. fxe5 Bxe5 1/2-1/2

[Event "27.Bayer.Senioren-EM2015"]
[Site "?"]
[Date "2015.06.15"]
[Round "1.34"]
[White "Bilyavskyy, Borys"]
[Black "Huetter, Heinz"]
[Result "1-0"]
[WhiteElo "1807"]
[BlackElo "1447"]
[PlyCount "83"]
[EventDate "2015.??.??"]
[WhiteTeam "FC Ergolding"]
[BlackTeam "SC Eichenau"]

1. e4 e6 2. d4 c6 3. Nf3 d6 4. Bd3 Nd7 5. O-O h6 6. Be3 Ngf6 7. c4 Be7 8. Nc3
a6 9. e5 dxe5 10. dxe5 Nh7 11. Bxh7 Rxh7 12. Qc2 g6 13. Rad1 Qc7 14. Bf4 c5 15.
Ne4 Kf8 16. Bg3 Kg7 17. Nd6 Rh8 18. h4 Qc6 19. Rd2 Rd8 20. Rfd1 b6 21. Nh2 Ra7
22. Ng4 h5 23. Ne3 Kf8 24. Ne4 Re8 25. f3 b5 26. b3 b4 27. Qd3 a5 28. Nc2 a4
29. Qe3 Kg7 30. Nxb4 Qb6 31. Nc2 axb3 32. axb3 Rb7 33. Rd3 Ra7 34. Nd6 Bxd6 35.
Rxd6 Qc7 36. Bf4 Nf8 37. Bh6+ Kh7 38. Bg5 Kg8 39. Rd8 Rxd8 40. Rxd8 Ra8 41. Bf6
Bb7 42. Qh6 1-0

[Event "27.Bayer.Senioren-EM2015"]
[Site "?"]
[Date "2015.06.15"]
[Round "1.35"]
[White "Wraga, Hermann"]
[Black "Reimann, Guenther"]
[Result "1/2-1/2"]
[WhiteElo "1445"]
[BlackElo "1803"]
[PlyCount "73"]
[EventDate "2015.??.??"]
[WhiteTeam "SG Osnabrück"]
[BlackTeam "SC Magstadt"]

1. e4 e6 2. d3 d5 3. Nd2 Nf6 4. g3 c6 5. Bg2 Bc5 6. Ngf3 O-O 7. O-O Qc7 8. c3
e5 9. h3 Rd8 10. Qc2 dxe4 11. dxe4 Be6 12. Ng5 Qe7 13. Nxe6 Qxe6 14. b4 Bb6 15.
Bb2 Nh5 16. Kh2 Nd7 17. c4 Bc7 18. Rad1 Nf8 19. Nf3 h6 20. a3 Ng6 21. Ng1 Qe7
22. Bc1 a5 23. b5 cxb5 24. cxb5 Bd6 25. Qa4 Nf6 26. Rd2 Nd7 27. Rfd1 Nc5 28.
Qc2 Rac8 29. Qa2 Na4 30. Bb2 Kh7 31. Ne2 Nxb2 32. Qxb2 Bxa3 33. Qb3 Rxd2 34.
Rxd2 Bb4 35. Rd5 f6 36. Qd3 Nf8 37. h4 1/2-1/2

[Event "27.Bayer.Senioren-EM2015"]
[Site "?"]
[Date "2015.06.15"]
[Round "1.36"]
[White "Abel, Hans-Peter"]
[Black "Wraga, Teresa"]
[Result "1/2-1/2"]
[WhiteElo "1795"]
[BlackElo "1424"]
[PlyCount "54"]
[EventDate "2015.??.??"]
[WhiteTeam "SC Leinfelden"]
[BlackTeam "SG Osnabrück"]

1. c4 e5 2. Nc3 Nc6 3. Nf3 g6 4. g3 Bg7 5. Bg2 d6 6. O-O f5 7. d3 Nf6 8. Bd2
O-O 9. Qc1 Be6 10. Ng5 Bd7 11. Nd5 h6 12. Nxf6+ Qxf6 13. Nf3 g5 14. Bc3 Rab8
15. e3 Qd8 16. h3 Ne7 17. Nd2 c6 18. f4 Ng6 19. fxe5 dxe5 20. Nf3 Qc7 21. Qe1
b6 22. Rd1 Rbd8 23. e4 f4 24. gxf4 Nxf4 25. h4 g4 26. Nh2 Nxg2 27. Kxg2 Rxf1
1/2-1/2

[Event "27.Bayer.Senioren-EM2015"]
[Site "?"]
[Date "2015.06.15"]
[Round "1.37"]
[White "Schiessl, Hanns"]
[Black "Zerweck, Christoph"]
[Result "1-0"]
[WhiteElo "1423"]
[BlackElo "1779"]
[PlyCount "97"]
[EventDate "2015.??.??"]
[WhiteTeam "FVS ASP Hoyerswerda"]
[BlackTeam "SV Herrenberg"]

1. e4 c5 2. Nf3 Nc6 3. Bb5 e6 4. Bxc6 bxc6 5. c4 d5 6. exd5 cxd5 7. Ne5 Bd6 8.
Qa4+ Bd7 9. Nxd7 Qxd7 10. Qxd7+ Kxd7 11. d3 h6 12. Nc3 Nf6 13. f3 Rab8 14. Nb5
Be7 15. Bf4 Rb7 16. b3 Nh5 17. Bd2 d4 18. g4 Bh4+ 19. Ke2 Nf6 20. Rhg1 a6 21.
Na3 Nh7 22. f4 f6 23. Raf1 Rf8 24. Rf3 Kd6 25. Nc2 Re8 26. b4 e5 27. fxe5+
Rxe5+ 28. Kd1 Bg5 29. Be1 Kc6 30. Bg3 Re8 31. Rf5 cxb4 32. Nxd4+ Kd7 33. Rd5+
Kc8 34. Nf5 Rd8 35. Nd6+ Rxd6 36. Rxd6 b3 37. axb3 Rxb3 38. Kc2 Ra3 39. Re1 f5
40. Re8+ Kb7 41. c5 Bf6 42. Rb6+ Ka7 43. Bb8+ Ka8 44. Be5+ Ka7 45. Rd6 a5 46.
c6 Kb6 47. Rb8+ Ka7 48. Rd7+ Ka6 49. Rdb7 1-0

[Event "27.Bayer.Senioren-EM2015"]
[Site "?"]
[Date "2015.06.15"]
[Round "1.38"]
[White "Zschorsch, Peter"]
[Black "Rosmann, Armin"]
[Result "1-0"]
[WhiteElo "1772"]
[BlackElo "1403"]
[PlyCount "41"]
[EventDate "2015.??.??"]
[WhiteTeam "Karlsruher SF"]
[BlackTeam "TSV Ebermannstadt"]

1. e4 e5 2. Nf3 d6 3. d4 exd4 4. Nxd4 Nf6 5. Nc3 Be7 6. Bd3 Nbd7 7. Nf5 Bf8 8.
Bg5 c6 9. Qe2 Qa5 10. Bd2 Ne5 11. Nd5 Qd8 12. Nxf6+ Qxf6 13. Bc3 Nxd3+ 14. Qxd3
Qg6 15. O-O Bd7 16. Rad1 d5 17. Qe3 Be6 18. Rfe1 O-O-O 19. Qxa7 Bxf5 20. exf5
Qxf5 21. Qa8+ 1-0

[Event "27.Bayer.Senioren-EM2015"]
[Site "?"]
[Date "2015.06.15"]
[Round "1.39"]
[White "Wilfert, Eva-Maria"]
[Black "Wittkugel, Friedhelm"]
[Result "0-1"]
[WhiteElo "1389"]
[BlackElo "1768"]
[PlyCount "104"]
[EventDate "2015.??.??"]
[WhiteTeam "PTSV SK Hof"]
[BlackTeam "SV Kamen"]

1. d4 Nf6 2. c4 c5 3. dxc5 Na6 4. Nc3 Nxc5 5. Nf3 g6 6. Bf4 Ne6 7. Bd2 Bg7 8.
Rb1 O-O 9. e4 d6 10. Be2 Nc5 11. Qc2 Nfxe4 12. b4 Nxd2 13. Qxd2 Nd7 14. O-O Nf6
15. Rfd1 Bf5 16. Rbc1 Ng4 17. Qe1 a5 18. b5 Bh6 19. Ra1 Bg7 20. Rac1 b6 21. h3
Nf6 22. a4 Rc8 23. Ne5 Bd7 24. Nxd7 Nxd7 25. Ne4 Bb2 26. Rc2 Ba3 27. Qd2 Nc5
28. Nxc5 Rxc5 29. Bf3 Bb4 30. Qd3 Qc8 31. Bc6 Qe6 32. Rdc1 Re5 33. Bd5 Re1+ 34.
Rxe1 Qxe1+ 35. Qf1 Qe5 36. Qe2 Qf6 37. Qf3 Qa1+ 38. Kh2 e6 39. Bc6 Qxa4 40. Re2
Qa1 41. g4 a4 42. h4 a3 43. h5 gxh5 44. gxh5 Kh8 45. h6 Rg8 46. Ra2 Qg1+ 47.
Kh3 Qg5 48. Kh2 Qxh6+ 49. Qh3 Qxh3+ 50. Kxh3 Rg5 51. Be8 Kg7 52. Bc6 Rc5 0-1

[Event "27.Bayer.Senioren-EM2015"]
[Site "?"]
[Date "2015.06.15"]
[Round "1.40"]
[White "Koenigl, Anton"]
[Black "Schiessl, Werner"]
[Result "1/2-1/2"]
[WhiteElo "1767"]
[BlackElo "1388"]
[PlyCount "120"]
[EventDate "2015.??.??"]
[WhiteTeam "FC Ergolding"]
[BlackTeam "FVS ASP Hoyerswerda"]

1. e4 e6 2. d4 c6 3. Bd3 Be7 4. Ne2 d6 5. O-O Nd7 6. f4 Qb6 7. Kh1 h6 8. Nd2
Qc7 9. Ng3 g6 10. f5 Nf8 11. Qf3 Rh7 12. fxg6 fxg6 13. Nc4 Bd7 14. e5 O-O-O 15.
exd6 Bxd6 16. Nxd6+ Qxd6 17. c3 Qe7 18. Ne4 g5 19. Qg3 Be8 20. Bf4 gxf4 21.
Qxg8 Rg7 22. Qh8 e5 23. Qxh6 Bg6 24. Qh3+ Kb8 25. Qf3 Ne6 26. Bc4 Bxe4 27. Qxe4
Nc7 28. dxe5 Rd2 29. Rg1 Qh4 30. Raf1 Nd5 31. Bxd5 cxd5 32. Qxf4 Qxf4 33. Rxf4
Rxb2 34. a4 Re2 35. Rf5 Kc7 36. g3 a5 37. Rgf1 Re3 38. e6 Rxe6 39. Rxd5 b6 40.
Rdf5 Rg4 41. R5f4 Rg5 42. Rf7+ Kc6 43. R7f6 Rge5 44. Rxe6+ Rxe6 45. Rc1 b5 46.
axb5+ Kxb5 47. h4 Kc4 48. Kg2 a4 49. Kf3 a3 50. Kf4 Kb3 51. g4 Kb2 52. Rd1 Re2
53. Rd5 Kxc3 54. Ra5 a2 55. h5 Kb2 56. Rb5+ Ka1 57. h6 Rf2+ 58. Kg5 Rh2 59. Kg6
Rxh6+ 60. Kg7 Rg6+ 1/2-1/2

[Event "27.Bayer.Senioren-EM2015"]
[Site "?"]
[Date "2015.06.15"]
[Round "1.41"]
[White "Hartlaub, Marianne"]
[Black "Leuschner, Guenter"]
[Result "0-1"]
[WhiteElo "1367"]
[BlackElo "1757"]
[PlyCount "90"]
[EventDate "2015.??.??"]
[WhiteTeam "SK Klingenberg"]
[BlackTeam "SW Nürnberg Süd"]

1. Nf3 d6 2. c4 Nf6 3. d3 Nbd7 4. g3 c6 5. Bg2 e5 6. Nbd2 Be7 7. O-O O-O 8. a3
Qc7 9. b4 a5 10. Bb2 Qb6 11. Bc3 a4 12. Rc1 Qc7 13. Rc2 Ng4 14. h3 Nh6 15. Kh2
f5 16. e3 Nf6 17. Ng1 Be6 18. Ndf3 b5 19. Bb2 Rad8 20. Qa1 Nf7 21. Nd2 Qd7 22.
cxb5 cxb5 23. Rfc1 Rc8 24. Bc6 Qa7 25. Bxb5 f4 26. d4 fxe3 27. fxe3 Ng5 28.
Rxc8 Bxc8 29. Bc4+ d5 30. Bf1 e4 31. Rc3 Qb8 32. Qc1 Nh5 33. Qe1 Bd6 34. Ne2
Ba6 35. Nf4 Bxf1 36. Nxf1 Nf3+ 37. Kh1 Nxe1 38. Nxh5 Rxf1+ 39. Kh2 Rf2+ 40. Kg1
Qf8 41. Nf4 Rxb2 42. Rc1 Nf3+ 43. Kf1 g5 44. Ne6 Bxg3 45. Nxf8 Rf2# 0-1

[Event "27.Bayer.Senioren-EM2015"]
[Site "?"]
[Date "2015.06.15"]
[Round "1.42"]
[White "Niedermaier, Peter"]
[Black "Schallock, Helmut"]
[Result "1-0"]
[WhiteElo "1757"]
[BlackElo "1352"]
[PlyCount "101"]
[EventDate "2015.??.??"]
[WhiteTeam "SU Ebersberg-Grafing"]
[BlackTeam "SC Noris-Tarrasch Nürnberg"]

1. e4 e5 2. Nf3 Nc6 3. Bb5 Nd4 4. Nxd4 exd4 5. c3 c6 6. Bd3 Bc5 7. O-O d6 8. b4
Bb6 9. Bb2 Qf6 10. Na3 Be6 11. Nc4 Bxc4 12. Bxc4 Ne7 13. a4 a6 14. Ra2 O-O 15.
Qa1 c5 16. cxd4 cxd4 17. a5 Ba7 18. Ra3 Nc6 19. Rb3 Qd8 20. f4 Qc7 21. Bd5 Qd7
22. d3 Ne7 23. Bxd4 Nxd5 24. Bxa7 Rxa7 25. Qd4 b5 26. Qxd5 Rc7 27. f5 Rfc8 28.
h3 g6 29. fxg6 hxg6 30. Rf6 Kg7 31. Rxd6 Rc1+ 32. Kh2 Qc7 33. e5 Re1 34. Rd7
Qxe5+ 35. Qxe5+ Rxe5 36. d4 Rf5 37. d5 Rc4 38. d6 Rd4 39. Rc3 Rf6 40. Rc6 Rxb4
41. Rxa6 Ra4 42. Rb7 Rf5 43. d7 Rd5 44. Raa7 Rad4 45. a6 b4 46. d8=Q Rxd8 47.
Rxf7+ Kh6 48. Rab7 Ra8 49. a7 b3 50. Rxb3 Ra4 51. Rbb7 1-0

[Event "27.Bayer.Senioren-EM2015"]
[Site "?"]
[Date "2015.06.15"]
[Round "1.43"]
[White "Conitz, Helmut"]
[Black "Gerhards, Walter"]
[Result "0-1"]
[WhiteElo "1343"]
[BlackElo "1756"]
[PlyCount "96"]
[EventDate "2015.??.??"]
[WhiteTeam "SF Witzlasreuth"]
[BlackTeam "Ratinger SK"]

1. e4 e6 2. d4 d5 3. e5 c5 4. Bb5+ Bd7 5. Bxd7+ Qxd7 6. c3 Nc6 7. Ne2 Nge7 8.
Bf4 Ng6 9. Bg3 Be7 10. O-O O-O 11. a3 f6 12. exf6 Rxf6 13. b4 cxd4 14. cxd4
Raf8 15. Nd2 Bd6 16. Bxd6 Qxd6 17. g3 e5 18. Nb3 e4 19. Qd2 Nce7 20. Rae1 Nf5
21. Qc1 Nfh4 22. gxh4 Nxh4 23. Nd2 Qe6 24. Qc3 Rf3 25. Nxf3 Rxf3 26. Qc7 Rf8
27. Kh1 Nf3 28. Nf4 Qf5 29. Rg1 Nxg1 30. Rxg1 g6 31. Ng2 Qxf2 32. Qe5 Rf5 33.
Qe8+ Kg7 34. Qe7+ Kh6 35. Qh4+ Qxh4 36. Nxh4 Rf4 37. Ng2 Rf3 38. Ra1 Rd3 39. b5
Rxd4 40. a4 Rd2 41. Kg1 d4 42. Kf1 e3 43. h3 Kg5 44. Rc1 Kf5 45. Nh4+ Kf4 46.
Ng2+ Kg3 47. Nxe3 dxe3 48. Rc3 Kf3 0-1

[Event "27.Bayer.Senioren-EM2015"]
[Site "?"]
[Date "2015.06.15"]
[Round "1.45"]
[White "Ewald, Frithjof"]
[Black "Reichwald, Klaus"]
[Result "0-1"]
[WhiteElo "1319"]
[BlackElo "1743"]
[PlyCount "60"]
[EventDate "2015.??.??"]
[WhiteTeam "ASV J'Adoube Grassau"]
[BlackTeam "SC Lohhof"]

1. e4 d6 2. d4 Nf6 3. Nc3 g6 4. Bc4 Bg7 5. h3 O-O 6. Be3 c6 7. Qd2 b5 8. Bb3 b4
9. Na4 Nxe4 10. Qxb4 Na6 11. Qc4 Bb7 12. Ne2 d5 13. Qd3 Nb4 14. Qd1 e6 15. c3
Na6 16. Qd3 Nc7 17. O-O-O a5 18. f3 Ba6 19. c4 Nd6 20. Qd2 Nxc4 21. Bxc4 Bxc4
22. Nec3 Nb5 23. b3 Nxc3 24. Qxc3 Bb5 25. Nc5 a4 26. b4 a3 27. h4 Bc4 28. Qd2
e5 29. Kb1 Rb8 30. Qc3 Qa5 0-1

[Event "27.Bayer.Senioren-EM2015"]
[Site "?"]
[Date "2015.06.15"]
[Round "1.46"]
[White "Klueber, Werner"]
[Black "Malik, Rosemarie"]
[Result "1-0"]
[WhiteElo "1740"]
[BlackElo "1285"]
[PlyCount "83"]
[EventDate "2015.??.??"]
[WhiteTeam "SC Prichsenstadt"]
[BlackTeam "SK Großweil"]

1. d4 Nf6 2. c4 e6 3. Nc3 g6 4. e4 d5 5. cxd5 exd5 6. e5 Ne4 7. Nf3 Nxc3 8.
bxc3 Be7 9. Bh6 Be6 10. Be2 Nc6 11. O-O Qd7 12. Qb3 Na5 13. Qb2 O-O-O 14. Bd3
Bf8 15. Be3 h5 16. Rab1 c6 17. h4 Be7 18. Bg5 Bg4 19. Bxe7 Qxe7 20. Ng5 Rde8
21. f3 Bf5 22. Bxf5+ gxf5 23. Qc2 Qd7 24. f4 Nc4 25. Qc1 Ref8 26. Re1 Rh6 27.
Rb3 Na5 28. Rb2 Nc4 29. Rbe2 Kb8 30. Qb1 b5 31. a4 a6 32. axb5 cxb5 33. Qb4
Rhh8 34. e6 fxe6 35. Nxe6 Re8 36. Nc5 Qc6 37. Nxa6+ Qxa6 38. Rxe8+ Rxe8 39.
Rxe8+ Kb7 40. Qe7+ Kb6 41. Qd8+ Kc6 42. Re6+ 1-0

[Event "27.Bayer.Senioren-EM2015"]
[Site "?"]
[Date "2015.06.15"]
[Round "1.47"]
[White "Jurgan, Brigitte"]
[Black "Braeu, Ludwig"]
[Result "0-1"]
[WhiteElo "1236"]
[BlackElo "1733"]
[PlyCount "72"]
[EventDate "2015.??.??"]
[WhiteTeam "ASV J'Adoube Grassau"]
[BlackTeam "SK Marktoberdorf"]

1. d4 g6 2. Nf3 Bg7 3. c3 c5 4. Be3 cxd4 5. Bxd4 Nf6 6. g3 Nc6 7. Bxf6 Bxf6 8.
Bg2 d5 9. e3 O-O 10. O-O e5 11. Qc1 Be6 12. Re1 Rc8 13. Qd2 Qe7 14. Na3 Rfd8
15. Nc2 Na5 16. b3 Qc7 17. Rac1 Qxc3 18. Qxc3 Rxc3 19. Na3 Rdc8 20. Rxc3 Rxc3
21. Nd2 a6 22. Ndb1 Rc8 23. Re2 Rc1+ 24. Bf1 Bh3 25. Nd2 e4 26. Nab1 Bxf1 27.
Nxf1 Rxb1 28. Kg2 Rb2 29. Rd2 Rxd2 30. Nxd2 Nc6 31. Kf1 Nb4 32. a4 Nd3 33. Ke2
Bc3 34. Nb1 Bb4 35. Nd2 Nxf2 36. Kxf2 Bxd2 0-1

[Event "27.Bayer.Senioren-EM2015"]
[Site "?"]
[Date "2015.06.15"]
[Round "1.48"]
[White "Aigner, Georg"]
[Black "Schubert, Juergen"]
[Result "1-0"]
[WhiteElo "1725"]
[BlackElo "1124"]
[PlyCount "49"]
[EventDate "2015.??.??"]
[WhiteTeam "SC Taufkirchen"]
[BlackTeam "Münchener SC"]

1. e4 e5 2. Nf3 Nc6 3. Bb5 Nf6 4. O-O Bc5 5. Nc3 O-O 6. Bxc6 bxc6 7. Nxe5 Re8
8. d4 Bb4 9. Bg5 Bb7 10. f4 Be7 11. Qd3 Qc8 12. Qh3 d5 13. Qxc8 Raxc8 14. Rfe1
Rcd8 15. Rad1 Nh5 16. Bxe7 Rxe7 17. g3 Bc8 18. Nxc6 Rdd7 19. Nxe7+ Rxe7 20.
Nxd5 Re6 21. Nxc7 Rc6 22. Nd5 Rxc2 23. Rc1 Rxc1 24. Rxc1 Bb7 25. Rc7 1-0

[Event "27.Bayer.Senioren-EM2015"]
[Site "?"]
[Date "2015.06.15"]
[Round "1.49"]
[White "Schwarzmeier, Christine"]
[Black "Zehfuss, Helmut"]
[Result "0-1"]
[WhiteElo "868"]
[BlackElo "1716"]
[PlyCount "60"]
[EventDate "2015.??.??"]
[WhiteTeam "TV Riedenburg"]
[BlackTeam "SG Traunstein/Traunreut"]

1. e4 g6 2. g3 Bg7 3. Bg2 d6 4. Nc3 Nf6 5. Nge2 O-O 6. O-O Nc6 7. d3 e5 8. f4
Bd7 9. f5 Ne7 10. d4 gxf5 11. exf5 c6 12. h3 Nxf5 13. g4 Nh4 14. Rf2 Ne8 15.
Ng3 f5 16. g5 Nxg2 17. Kxg2 f4 18. Nh5 Qxg5+ 19. Kh2 Rf5 20. Rg2 Qxh5 21. Qxh5
Rxh5 22. Ne4 Bxh3 23. Rg5 Bg4+ 24. Rxh5 Bxh5 25. Bd2 h6 26. Rh1 Bf3 27. Rf1
Bxe4 28. c4 Kf7 29. Bxf4 exf4 30. Rxf4+ Nf6 0-1

[Event "27.Bayer.Senioren-EM2015"]
[Site "?"]
[Date "2015.06.15"]
[Round "1.50"]
[White "Perzl, Michael"]
[Black "Walther, Renate"]
[Result "1-0"]
[WhiteElo "1713"]
[BlackElo "837"]
[PlyCount "65"]
[EventDate "2015.??.??"]
[WhiteTeam "TSV Trostberg"]
[BlackTeam "SK Herzogenaurach"]

1. d4 d5 2. c4 Nf6 3. Nc3 e6 4. Nf3 c5 5. Bg5 Nbd7 6. cxd5 Qb6 7. dxe6 fxe6 8.
Na4 Qa5+ 9. Bd2 Qc7 10. Rc1 b6 11. e3 Bb7 12. Be2 Bd6 13. h3 O-O 14. O-O Rae8
15. dxc5 bxc5 16. b4 Ne4 17. bxc5 Ndxc5 18. Nxc5 Nxc5 19. Bb4 Qb6 20. Rb1 Qc7
21. Rc1 Qb6 22. Bxc5 Bxc5 23. Qc2 Rc8 24. Qb3 Qxb3 25. axb3 Rf6 26. Bc4 Kf7 27.
Ne5+ Ke7 28. Rcd1 Rd8 29. Rxd8 Kxd8 30. Rd1+ Kc7 31. Rd7+ Kb6 32. Rxg7 Bc6 33.
Rxh7 1-0